Broken Words II Quiz Stats

Quiz Updated Apr 23, 2012

Also try: Broken Words
Challenge
Share
Tweet
Embed
Score 0/45 Timer 08:00
1 Play Today
Heading Answer % Correct
Split words
75.2%
Split words
75.2%
Joined wordsSOCRATES
75.2%
Split words
75.2%
Split words
75.2%
Joined words CAMELOT
75.1%
Split words
75.1%
Split words
75%
Joined wordsSCRAMBLED
75%
Split words
73.6%
Split words
73.6%
Joined wordsKINETIC
73.5%
Split words
71.2%
Split words
71.2%
Joined wordsGIGANTIC
71.2%
Split words
63.8%
Split words
63.8%
Joined wordsBRANDISH
63.7%
Split words
61.9%
Split words
61.9%
Joined words SEETHING
61.9%
Split words
61.3%
Split words
61.3%
Heading Answer % Correct
Joined wordsSUPER BOWL
61.3%
Split words
60.3%
Split words
60.3%
Joined wordsTAPESTRY
60.3%
Split words
59.3%
Split words
59.3%
Joined wordsPATRIOT
59.3%
Split words
59%
Split words
59%
Joined words LIMESTONE
59%
Split words
55.2%
Split words
55.2%
Joined wordsSINGLET
55.1%
Split words
52.2%
Split words
52.2%
Joined wordsMOLESTATION
52.1%
Split words
51%
Split words
51%
Joined words HEARTRENDING
50.9%
Split words
43.3%
Split words
43.3%
Joined words READJUST
43.3%

You're not logged in!

Compare scores with friends on all Sporcle quizzes.
Sign Up with Email
OR
Log In

You Might Also Like...

Show Comments

Extras

Top Quizzes Today


Score Distribution

Your Account Isn't Verified!

In order to create a playlist on Sporcle, you need to verify the email address you used during registration. Go to your Sporcle Settings to finish the process.